000 00638nam a22002417a 4500
003 OSt
005 20220924113642.0
006 a|||||r|||| 00| 0
007 ta
008 220923b |||||||| |||| 00| 0 eng d
024 _a149599
037 _cGeneral Books
040 _aARTS
_cARTS
_beng
041 _2eng
_aeng
082 _aY1:41:5.73.N7, L3
100 _aJohnson Bruce D
_9170300
245 0 _aMarihuana users and drug subcultures
260 _aNA
_bNA
_c1973
300 _ap.
650 _aSOCIOLOGY
942 _hY1:41:5.73.N7, L3
_cGB
_2CC
999 _c390339
_d390339